000 01995 a2200277 4500
001 57013
005 20260407155833.0
008 260407a2020 arg spa d
003 AR-UNSa-BCEJYS
040 _aAR-UNSa-BCEJYS
_bspa
_cAR-UNSa-BCEJYS
080 _a657.6
_xAuditoria (control interno)
245 1 0 _aAuditoría
020 _a978-987-03-3942-7
250 _a4a. ed.
264 1 _aBuenos Aires :
_bLa Ley
_c2020
300 _alxiii, 1195 p.
_c24 cm.
505 _a1. Conceptos básicos de auditoría - 2. Ética, independencia y responsabilidad del auditor - 3. Hacia una auditoría eficiente y eficaz - 4. Proceso de auditoría - 5. Etapa de Planificación - 6. Evidencia y procedimientos de auditoría - 7. Riesgo de auditoría - 8. Evaluación de los controles - 9. Documentación del Proceso de auditoría - 10. Tareas de una primera auditoría - 11. Caja y bancos - 12. Inversiones Transitorias - 13. Ventas y cuentas a cobrar - 14. Otros créditos - 15. Compras y cuentas a pagar - 16. Bienes de Cambio y costos - 17. Inversiones en otras sociedades - 18. Bienes de Uso /Activos fijos y sus depreciaciones - 19. Bienes Intangibles - 20. Deudas Bancarias y Financieras - 21. Costos y pasivos laborales - 22. Aspectos impositivos y deudas fiscales - 23. Contingencias - 24. Patrimonio neto - 25. Estado de resultados - 26. Estado de Flujo de efectivo - 27. Conclusión de examen - 28. Informe del Auditor - 29. Otros trabajos de auditoría - 30. Auditoría en la pequeña y mediana empresa - 31. Lavado de activos en origen delictivo y financiación del terrorismo - 32. La Ley Sarbanes Oxley - 33. Normas internacionales de auditoría.
041 _aspa
942 _cBK
590 _aniveau_biblio:m niveau_hierar:0
100 1 _aSlosse, Carlos Alberto
700 1 _aGordicz, Juan Carlos
700 1 _aGamondés, Santiago F.
700 1 _aTuñez, Fernando Adrián
856 4 1 _uhttps://biblioeco.unsa.edu.ar/pmb/images/libros/L128658.jpg
_yImagen de portada
_qimage/jpeg
999 _c6101
_d6101